UBT Library

Financial accounting : (Record no. 42150)

000 -LEADER
fixed length control field 01068cam a22003494a 4500
001 - CONTROL NUMBER
control field 14163935
005 - DATE AND TIME OF LATEST TRANSACTION
control field 20180208075427.0
008 - FIXED-LENGTH DATA ELEMENTS--GENERAL INFORMATION
fixed length control field 051102s2007 njua 001 0 eng
010 ## - LIBRARY OF CONGRESS CONTROL NUMBER
LC control number 2005056962
015 ## - NATIONAL BIBLIOGRAPHY NUMBER
National bibliography number GBA588314
Source bnb
015 ## - NATIONAL BIBLIOGRAPHY NUMBER
National bibliography number GBA596934
Source bnb
015 ## - NATIONAL BIBLIOGRAPHY NUMBER
National bibliography number GBA596935
Source bnb
016 7# - NATIONAL BIBLIOGRAPHIC AGENCY CONTROL NUMBER
Record control number 013315640
Source Uk
016 7# - NATIONAL BIBLIOGRAPHIC AGENCY CONTROL NUMBER
Record control number 013337705
Source Uk
016 7# - NATIONAL BIBLIOGRAPHIC AGENCY CONTROL NUMBER
Record control number 013337706
Source Uk
020 ## - INTERNATIONAL STANDARD BOOK NUMBER
International Standard Book Number 0471730513 (cloth : alk. paper)
020 ## - INTERNATIONAL STANDARD BOOK NUMBER
International Standard Book Number 0471750786 (pbk.)
020 ## - INTERNATIONAL STANDARD BOOK NUMBER
International Standard Book Number 0471750816 (pbk.)
020 ## - INTERNATIONAL STANDARD BOOK NUMBER
International Standard Book Number 9780471730514
035 ## - SYSTEM CONTROL NUMBER
System control number (OCoLC)ocm62132788
040 ## - CATALOGING SOURCE
Original cataloging agency DLC
Transcribing agency DLC
Modifying agency YDX
-- UKM
-- BAKER
-- IXA
-- VP@
-- DLC
041 ## - LANGUAGE CODE
Language code of text/sound track or separate title eng
042 ## - AUTHENTICATION CODE
Authentication code pcc
080 ## - UNIVERSAL DECIMAL CLASSIFICATION NUMBER
Universal Decimal Classification number 657 KIM
082 00 - DEWEY DECIMAL CLASSIFICATION NUMBER
Classification number 657 KIM
Edition number 22
100 1# - Rafti
Rafti 61
101 ## - Shkurtesa
Shkurtesa KON
245 10 - TITLE STATEMENT
Title Financial accounting :
Statement of responsibility, etc Paul D. Kimmel, Jerry J. Weygandt, Donald E. Kieso.
906 ## - LOCAL DATA ELEMENT F, LDF (RLIN)
a 7
b cbc
c orignew
d 1
e ocip
f 20
g y-gencatlg
942 ## - ADDED ENTRY ELEMENTS (KOHA)
Source of classification or shelving scheme
Item type Books
Holdings
Withdrawn status Lost status Source of classification or shelving scheme Damaged status Not for loan Collection code Permanent location Current location Shelving location Date acquired Total Checkouts Full call number Barcode Date last seen Price effective from Koha item type
          Koleksioni i përgjithshem UBT - Lipjan UBT - Lipjan Koleksioni i përgjithshem 02/08/2018   657 KIM 002-2999225 02/08/2018 02/08/2018 Books
UBT Library © 2015-2024. All rights reserved University Education for Business and Technology